Normal view MARC view
  • Supervisor. Arshad Hussain

Entry Personal Name

Number of records used in: 1

001 - CONTROL NUMBER

  • control field: 129141

003 - CONTROL NUMBER IDENTIFIER

  • control field: NUST

005 - DATE AND TIME OF LATEST TRANSACTION

  • control field: 20250617112902.0

008 - FIXED-LENGTH DATA ELEMENTS

  • fixed length control field: 250617|| aca||aabn | a|a d

040 ## - CATALOGING SOURCE

  • Original cataloging agency: NUST
  • Transcribing agency: NUST

100 ## - HEADING--PERSONAL NAME

  • Personal name: Supervisor. Arshad Hussain

670 ## - SOURCE DATA FOUND

  • Source citation: Work cat.: (NUST)534400: Hayder, Aneela 28531, Fabrication and Characterization of Polymeric Membranes for Hemodialysis /, 2016.
© 2023 Central Library, National University of Sciences and Technology. All Rights Reserved.